000 00721nam a22002657a 4500
999 _c10446
_d10446
001 10446
003 BD-JhCC
005 20180520103835.0
008 180428b1970 AS ||||| |||| 00| 0 eng d
020 _a08220006995
035 _a(BD-JhCC)10446
040 _aBD-JhCC
_dBD-JhCC
041 _aeng
082 _a813.52
_bTHO 1970
100 _aThompson Frank H.
245 _aThe jungle :
_bSinclair, Upton, 1878-1968 notes /
_c Frank H. Thompson
260 _aLincoln :
_bNebraska : Cliff's Notes,
_c1970.
300 _a98 p. :
_c21 cm.
650 _aIllinois--Chicago
650 _aStockyards
650 _aLithuanian Americans
650 _aJungle (Sinclair, Upton)
942 _2ddc
_cREF